000 00466nam a2200121Ia 4500
008 220615s9999||||xx |||||||||||||| ||und||
100 _aSuber, Peter
245 0 _aOpen Access
546 _aEnglish[eng]
650 _aopen access
856 _uhttps://library.oapen.org/bitstream/20.500.12657/26065/1/1004020.pdf||https://library.oapen.org/bitstream/20.500.12657/26065/1/1004020.pdf||https://library.oapen.org/bitstream/20.500.12657/26065/1/1004020.pdf
942 _cEB
999 _c17510
_d17510